<?xml version="1.0" encoding="UTF-8"?>
<record
    xmlns:xsi="http://www.w3.org/2001/XMLSchema-instance"
    xsi:schemaLocation="http://www.loc.gov/MARC21/slim http://www.loc.gov/standards/marcxml/schema/MARC21slim.xsd"
    xmlns="http://www.loc.gov/MARC21/slim">

  <leader>01897nam a22003737a 4500</leader>
  <controlfield tag="001">42835</controlfield>
  <controlfield tag="003">gtgccic</controlfield>
  <controlfield tag="005">20250801120121.0</controlfield>
  <controlfield tag="007">ta</controlfield>
  <controlfield tag="008">250801b        mx ||||| |||| 00| 0 spa d</controlfield>
  <datafield tag="020" ind1=" " ind2=" ">
    <subfield code="a">9789682475528</subfield>
  </datafield>
  <datafield tag="028" ind1=" " ind2=" ">
    <subfield code="b">158</subfield>
  </datafield>
  <datafield tag="040" ind1=" " ind2=" ">
    <subfield code="a">gtgccic</subfield>
    <subfield code="b">spa</subfield>
    <subfield code="c">gtgccic</subfield>
    <subfield code="d">gtgccic</subfield>
    <subfield code="e">rda</subfield>
  </datafield>
  <datafield tag="082" ind1=" " ind2=" ">
    <subfield code="a">691 G245</subfield>
  </datafield>
  <datafield tag="100" ind1="1" ind2=" ">
    <subfield code="a">Gaspar de la Garza</subfield>
    <subfield code="e">Autor</subfield>
  </datafield>
  <datafield tag="245" ind1=" " ind2=" ">
    <subfield code="a">Materiales y construcci&#xF3;n /</subfield>
    <subfield code="c">Garza, Gaspar de la </subfield>
  </datafield>
  <datafield tag="250" ind1=" " ind2=" ">
    <subfield code="a">2da. </subfield>
  </datafield>
  <datafield tag="264" ind1=" " ind2=" ">
    <subfield code="a">M&#xE9;xico :</subfield>
    <subfield code="b">Editorial Trillas ;</subfield>
    <subfield code="c">2007.</subfield>
  </datafield>
  <datafield tag="300" ind1=" " ind2=" ">
    <subfield code="a">149 p. :</subfield>
    <subfield code="b">il. ;</subfield>
    <subfield code="c">27 cm</subfield>
  </datafield>
  <datafield tag="336" ind1=" " ind2=" ">
    <subfield code="2">rdacontenido</subfield>
    <subfield code="a">texto</subfield>
    <subfield code="b">txt</subfield>
  </datafield>
  <datafield tag="337" ind1=" " ind2=" ">
    <subfield code="2">rdamedio</subfield>
    <subfield code="a">sin mediaci&#xF3;n</subfield>
    <subfield code="b">n</subfield>
  </datafield>
  <datafield tag="338" ind1=" " ind2=" ">
    <subfield code="2">rdasoporte</subfield>
    <subfield code="a">volumen</subfield>
    <subfield code="b">nc</subfield>
  </datafield>
  <datafield tag="505" ind1=" " ind2=" ">
    <subfield code="t">Cap. 1.  ESTUDIOS PRELIMINARES</subfield>
  </datafield>
  <datafield tag="505" ind1=" " ind2=" ">
    <subfield code="t">Cap. 2.  TRABAJOS INICIALES DE LA CONSTRUCCI&#xD3;N</subfield>
  </datafield>
  <datafield tag="505" ind1=" " ind2=" ">
    <subfield code="t">Cap. 3.  TRASMISI&#xD3;N DE CARGAS A LA CIMENTACI&#xD3;N</subfield>
  </datafield>
  <datafield tag="505" ind1=" " ind2=" ">
    <subfield code="t">Cap. 4.  ESTRUCTURAS</subfield>
  </datafield>
  <datafield tag="505" ind1=" " ind2=" ">
    <subfield code="t">Cap. 5.  APLICACI&#xD3;N DE MATRIALES EN LA OBRA</subfield>
  </datafield>
  <datafield tag="505" ind1=" " ind2=" ">
    <subfield code="t">Cap. 6.  ESPECIFICACIONES DE CONSTRUCCI&#xD3;N</subfield>
  </datafield>
  <datafield tag="505" ind1=" " ind2=" ">
    <subfield code="t">TABLAS DE ESPECIFICACIONES DE MATERIALES DE ACERO</subfield>
  </datafield>
  <datafield tag="505" ind1=" " ind2=" ">
    <subfield code="t">Ap&#xE9;ndice.  C&#xC1;LCULOS DE LOSAS</subfield>
  </datafield>
  <datafield tag="520" ind1=" " ind2=" ">
    <subfield code="a">Este texto de consulta y actualizaci&#xF3;n, es una herramienta te&#xF3;rico pr&#xE1;ctica de gran valor, porque apoya el desarrollo de los estudiantes, t&#xE9;cnicos y profesionales de la ingenier&#xED;a, ya que aclara la mayor&#xED;a de las dudas que surgen al proyectar y construir una obra.  El texto contiene los conocimientos necesarios para inciar y guiar una obra, desde el estudio general del predio, los requisitos para elaborar el proyecto arquitect&#xF3;nico, los trabajos iniciales y la cimentaci&#xF3;n, hasta las estructuras, la selecci&#xF3;n y uso de los materiales, as&#xED; como algunas especificaciones de construcci&#xF3;n.  El libro trata con objetividad y sencillez casi todos los aspectos de inter&#xE9;s para el personal que trabaja en dicho ramo.</subfield>
  </datafield>
  <datafield tag="942" ind1=" " ind2=" ">
    <subfield code="2">ddc</subfield>
    <subfield code="c">BK</subfield>
    <subfield code="n">0</subfield>
  </datafield>
  <datafield tag="945" ind1=" " ind2=" ">
    <subfield code="a">amlo</subfield>
  </datafield>
  <datafield tag="999" ind1=" " ind2=" ">
    <subfield code="c">761</subfield>
    <subfield code="d">761</subfield>
  </datafield>
  <datafield tag="952" ind1=" " ind2=" ">
    <subfield code="0">0</subfield>
    <subfield code="1">0</subfield>
    <subfield code="2">ddc</subfield>
    <subfield code="4">0</subfield>
    <subfield code="7">0</subfield>
    <subfield code="a">CICON</subfield>
    <subfield code="b">CICON</subfield>
    <subfield code="c">GEN</subfield>
    <subfield code="d">2025-08-01</subfield>
    <subfield code="e">compra</subfield>
    <subfield code="i">8.3.01.H.11185/09</subfield>
    <subfield code="l">0</subfield>
    <subfield code="o">691 G245</subfield>
    <subfield code="p">Cicon8.3.01.H.1185/0</subfield>
    <subfield code="r">2025-08-01 12:03:08</subfield>
    <subfield code="t">1</subfield>
    <subfield code="w">2025-08-01</subfield>
    <subfield code="y">BK</subfield>
  </datafield>
</record>
